Modus allegandi textus qui in Pandectis continentur. Elenchus omnium capitum et paragraphorum.

Gespeichert in:
Bibliographische Detailangaben
1. Verfasser: Reinoso-Barbero, Fernando (autor)
Format: Buch
Veröffentlicht: Madrid, España: Dykinson, 2013.
Schlagworte:
Tags: Tag hinzufügen
Keine Tags, Fügen Sie den ersten Tag hinzu!

MARC

LEADER 00000nam a22000007a 4500
003 CL-VaPUC
005 20220822114712.0
008 220722t2013 ||||| |||| 00| 0 eng d
999 |c 437459  |d 437457 
020 |a 978-84-9031-398-5 
040 |c Pontificia Universidad Católica de Valparaíso 
082 7 |a 340.5403 REI 2013  |2 22 
100 1 |a Reinoso-Barbero, Fernando  |e autor  |9 873753 
245 |a Modus allegandi textus qui in Pandectis continentur.   |b Elenchus omnium capitum et paragraphorum. 
260 |a Madrid, España:  |b Dykinson,   |c 2013. 
300 |a 633 páginas.  
500 |a c.1 Donación Familia Prof. Alejandro Guzmán Brito. 
583 |c 20220722  |k Cristina María Rojas Aguilar 
650 |a Cuerpo de derecho civil  |9 873754 
650 |a Derecho romano  |x Fuentes  |9 869578 
942 |2 ddc  |c BK  |n 0 
952 |0 0  |1 0  |2 ddc  |4 0  |6 340_540300000000000_REI_2013  |7 1  |8 C_AGB  |9 585227  |a BIBDER  |b BIBDER  |d 2022-07-22  |e Donación   |i 5653202  |o 340.5403 REI 2013  |p 5653202  |r 2023-01-25  |t 1  |w 2022-07-22  |y BK_US  |k AGB